| 000 | 01229pam a2200361 a 4500 | ||
|---|---|---|---|
| 001 | 8565 | ||
| 003 | FISKH | ||
| 005 | 20250930110259.0 | ||
| 008 | 921231s1993 nyua j 001 0 eng | ||
| 010 | _a 92047493 | ||
| 020 |
_a0590494546 : _c$10.95 |
||
| 020 | _a9780590494540 | ||
| 020 | _a9780590494557 | ||
| 035 | _a4398103 | ||
| 040 |
_aDLC _cDLC _dDLC _beng |
||
| 050 | 0 | 0 |
_aPE1112 _b.T46 1993 |
| 082 | 0 | 0 |
_a428.2 _220 |
| 100 | 1 | _aTerban, Marvin. | |
| 245 | 1 | 0 |
_aChecking your grammar / _cMarvin Terban. |
| 260 |
_aNew York : _bScholastic, _c1993. |
||
| 300 |
_a144 pages : _bcolor illustrations ; _c22 cm |
||
| 440 | 0 | _aScholastic guides | |
| 500 | _aIncludes index. | ||
| 520 | _aA practical guide to grammar and usage, covering such topics as parts of speech, punctuation, capitalization, spelling, and idioms. | ||
| 650 | 0 |
_aEnglish language _xGrammar _vJuvenile literature. |
|
| 650 | 0 |
_aEnglish language _xUsage _vJuvenile literature. |
|
| 650 | 1 |
_aEnglish language _xGrammar. |
|
| 650 | 1 |
_aEnglish language _xUsage. |
|
| 655 | 7 |
_aLiterature. _2lcgft _0https://id.loc.gov/authorities/genreForms/gf2014026415 |
|
| 906 |
_a7 _bcbc _corignew _d1 _eocip _f19 _gy-gencatlg |
||
| 942 |
_2ddc _cBK _n0 |
||
| 999 |
_c8565 _d8565 |
||